|
|
|
|
| LEADER |
01268nam a2200289 u 4500 |
| 001 |
10105957 |
| 003 |
upatras |
| 005 |
20210907143531.0 |
| 008 |
001218s eng |
| 020 |
|
|
|a 0 13 040264 8
|
| 040 |
|
|
|a Βιβλιοθήκη ΙΤΥ
|c Βιβλιοθήκη ΙΤΥ
|
| 040 |
|
|
|a XX-XxUND
|c Βιβλιοθήκη ΙΤΥ
|
| 082 |
0 |
4 |
|a 005.74
|
| 245 |
1 |
0 |
|a Database System Implementation
|c Hector Garcia - Molina, Jeffrey D. Ullman, Jennifer Widom
|
| 260 |
|
|
|a Upper Saddle River, New Jersey
|b Prentice Hall
|c 2000
|
| 300 |
|
|
|a xv, 653 p., fig., tab.
|
| 504 |
|
|
|a Index pp. 643-653
|
| 650 |
|
4 |
|a Διπλωματικές
|9 55728
|
| 650 |
|
4 |
|a Βάσεις δεδομένων
|x Σχεδιασμός
|9 128748
|
| 650 |
|
4 |
|a DATABASE MANAGEMENT
|9 11153
|
| 700 |
1 |
|
|a MOLINA, HECTOR GARCIA
|4 aut
|9 125628
|
| 700 |
1 |
|
|a Ullman, Jeffrey D.,
|d 1942-
|4 aut
|9 44286
|
| 700 |
1 |
|
|a Widom, Jennifer D.
|4 aut
|9 44287
|
| 852 |
|
|
|a GR-PaULI
|b ΠΑΤΡΑ
|b ΤΜΗΥΠ
|h 005.74 MOL
|t 1
|
| 942 |
|
|
|2 ddc
|
| 952 |
|
|
|0 0
|1 0
|2 ddc
|4 0
|6 005_740000000000000_MOL
|7 0
|8 NFIC
|9 139092
|a LISP
|b LISP
|c ALFe
|d 2016-04-24
|l 0
|o 005.74 MOL
|p 025000284640
|r 2016-04-24 00:00:00
|t 1
|w 2016-04-24
|y BK15
|x Μεταφορά από Τμ. Μηχανικών ΗΥ & Πληροφορικής
|
| 999 |
|
|
|c 90981
|d 90981
|